| 000 | 01023 a2200277 4500 | ||
|---|---|---|---|
| 003 | OSt | ||
| 005 | 20180116192326.0 | ||
| 008 | 120215t xxu||||| |||| 00| 0 eng d | ||
| 010 | _a 2007925788 | ||
| 020 | _a9783764377526 | ||
| 020 | _a9783764377519 (German ed.) | ||
| 040 | _c0 | ||
| 082 | _a720.288 | ||
| 100 | 1 | _aCramer, Johannes, | |
| 245 | 1 | 0 |
_aArchitecture in existing fabric : _bplanning, design, building / _cJohannes Cramer, Stefan Breitling. |
| 260 |
_aBasel [Switzerland] ; _aBoston : _bBirkhäuser, _c2007. |
||
| 300 |
_a221 p. : _bill. (some col.) ; _c25 cm. |
||
| 650 | 0 | _aArchitecture and history. | |
| 650 | 0 |
_aHistoric buildings _xRemodeling for other use. |
|
| 650 | 0 |
_aArchitecture _xConservation and restoration. |
|
| 650 | 0 | _aArchitectural design. | |
| 700 | 1 | _aBreitling, Stefan. | |
| 856 | 4 | 1 |
_3Table of contents only _uhttp://www.loc.gov/catdir/toc/fy0714/2007925788.html |
| 942 |
_aSADA _cBK _k720.288 CRA 2007 _2ddc |
||
| 999 |
_c352208 _d352208 |
||